000 00475cam a2200193ua 4500
001 7103
005 20260515114144.0
008 141125n ii |||gr||||Z||||||eng
040 _cMAIN
041 _aeng
082 _a336
100 _aGangopadhyay, D.K.,
_eEditor.
245 1 _aRevenue administration in Assam
_cEdited by D. K. Gangopadhyay
250 _a1st.
260 _aGuwahati:
_bGovt. of Assam,
_c1990.
300 _aviii,237p.
653 _aRevenue
942 _cBK
999 _c6225
_d6225